| 000 | 00688nam a2200217 a 4500 | ||
|---|---|---|---|
| 005 | 20210223121023.0 | ||
| 008 | 991125 19721979mx 000 0 spa u | ||
| 020 | _a9681801695 | ||
| 035 | _aUPN01000010916 | ||
| 049 | _aCG | ||
| 050 | 4 |
_aHD20.4 _bK5.2 |
|
| 100 | 1 | _aKleiman, Ariel | |
| 245 | 1 | 0 |
_aConjuntos : _baplicaciones matemáticas a la administración / _cAriel Kleiman, Elena K. de Kleiman. |
| 260 |
_aMéxico : _bLimusa, _c1972 (1979 impr.). |
||
| 300 |
_a197 p. : _bil. |
||
| 440 | 0 | _aBiblioteca didáctica de matemáticas | |
| 650 | 4 |
_aADMINISTRACION - _vMODELOS MATEMATICOS _9427 |
|
| 650 | 4 |
_aCONJUNTOS _910220 |
|
| 700 | 1 |
_aKleiman, Elena K. de, _ecoaut. |
|
| 905 | _aLibro | ||
| 999 |
_c10916 _d10916 |
||